000 00270pam a2200121 a 4500
020 _c
041 _h
100 _aArthur Newhal.
245 _aHow to draw the art of calligraphy
_hTextual Documents
250 _a1998.
260 _aPune:
_bwalter foster.
930 _a2
999 _c233792
_d233792